| 000 | 00390nam a2200157Ia 4500 | ||
|---|---|---|---|
| 003 | GCL | ||
| 008 | 140319s9999 xx 000 0 ara d | ||
| 040 |
_aGCL / _cGCL |
||
| 082 | 0 | 4 |
_a301.412 _bن م |
| 245 | 1 | 0 | _aمصر سمة جديدة فى قضية المرأة |
| 300 | _a258 | ||
| 490 |
_aكتاب _v0 |
||
| 650 | 0 | 4 | _aالمرأة |
| 650 | 0 | 4 | _aقضية المرأة |
| 942 |
_2ddc _cBK |
||
| 999 |
_c43020 _d43020 |
||